<?xml version="1.0" encoding="UTF-8"?><?xml-stylesheet type="text/xsl" href="static/style.xsl"?><OAI-PMH xmlns="http://www.openarchives.org/OAI/2.0/" xmlns:xsi="http://www.w3.org/2001/XMLSchema-instance" xsi:schemaLocation="http://www.openarchives.org/OAI/2.0/ http://www.openarchives.org/OAI/2.0/OAI-PMH.xsd"><responseDate>2026-04-17T01:12:38Z</responseDate><request verb="GetRecord" identifier="oai:www.recercat.cat:2445/221035" metadataPrefix="marc">https://recercat.cat/oai/request</request><GetRecord><record><header><identifier>oai:recercat.cat:2445/221035</identifier><datestamp>2025-12-04T21:18:44Z</datestamp><setSpec>com_2072_1057</setSpec><setSpec>col_2072_478859</setSpec><setSpec>col_2072_478917</setSpec></header><metadata><record xmlns="http://www.loc.gov/MARC21/slim" xmlns:dcterms="http://purl.org/dc/terms/" xmlns:xsi="http://www.w3.org/2001/XMLSchema-instance" xmlns:doc="http://www.lyncode.com/xoai" xsi:schemaLocation="http://www.loc.gov/MARC21/slim http://www.loc.gov/standards/marcxml/schema/MARC21slim.xsd">
   <leader>00925njm 22002777a 4500</leader>
   <datafield ind2=" " ind1=" " tag="042">
      <subfield code="a">dc</subfield>
   </datafield>
   <datafield ind2=" " ind1=" " tag="720">
      <subfield code="a">Gamalerio, Matteo</subfield>
      <subfield code="e">author</subfield>
   </datafield>
   <datafield ind2=" " ind1=" " tag="720">
      <subfield code="a">Trombetta, Federico</subfield>
      <subfield code="e">author</subfield>
   </datafield>
   <datafield ind2=" " ind1=" " tag="260">
      <subfield code="c">2025-05-15T08:55:56Z</subfield>
   </datafield>
   <datafield ind2=" " ind1=" " tag="260">
      <subfield code="c">2025-05-15T08:55:56Z</subfield>
   </datafield>
   <datafield ind2=" " ind1=" " tag="260">
      <subfield code="c">2025</subfield>
   </datafield>
   <datafield ind2=" " ind1=" " tag="520">
      <subfield code="a">This paper investigates how the interplay between politics and firms influences the profil·les of political candidates and their policy decisions. Specifically, we analyze the effects of an anti-revolving door law, which impose a mandatory “cooling-off” period before former politicians can take significant positions in the bureaucracy or in state-owned enterprises. We develop a political agency model where politicians can access “politically connected outside options” (PCOs), and examine how the reduction in the expected value of these PCOs impacts candidate selection and policymaking. Our findings suggest that a decline in the value of PCOs disproportionately affects individuals with lower human capital, thereby increasing the proportion of high human capital candidates. Simultaneously, this shift heightens the likelihood that low human capital politicians will pander toward the voters, even when such policies are suboptimal. We test those predictions using data from Italian municipalities. Leveraging a population threshold that triggers the implementation of anti-revolving door policies, we employ a difference-in-discontinuity approach. Our results show that the cooling-off period raises the average education levels of candidates and elected mayors. Additionally, we find that the reform reduces the probability that low human capital mayors adopt electorally costly policies.</subfield>
   </datafield>
   <datafield tag="653" ind2=" " ind1=" ">
      <subfield code="a">Candidats electorals</subfield>
   </datafield>
   <datafield tag="653" ind2=" " ind1=" ">
      <subfield code="a">Incentius laborals</subfield>
   </datafield>
   <datafield tag="653" ind2=" " ind1=" ">
      <subfield code="a">Transparència política</subfield>
   </datafield>
   <datafield tag="653" ind2=" " ind1=" ">
      <subfield code="a">Political candidates</subfield>
   </datafield>
   <datafield tag="653" ind2=" " ind1=" ">
      <subfield code="a">Incentives in industry</subfield>
   </datafield>
   <datafield tag="653" ind2=" " ind1=" ">
      <subfield code="a">Transparency in government</subfield>
   </datafield>
   <datafield ind2="0" ind1="0" tag="245">
      <subfield code="a">Jumping without parachutes. revolving doors and political incentives</subfield>
   </datafield>
</record></metadata></record></GetRecord></OAI-PMH>